000 00596nam a2200217 a 4500
001 BRL_764
005 20190320210903.0
008 041013s1957----mx-a######---#000-0#spa-#
041 _aspa
044 _amx
050 4 _aSB351.P4
_b.D53 1957
100 1 _aDíaz del Pino, Alfonso
_924878
245 1 0 _aEl cultivo del chile
_cpor Alfonso Díaz del Pino.
260 _aMéxico D.F.
_bAgricolas Trucco
_c1957
300 _a209 p.
_bil.
_c21 cm.
500 _aAu860
500 _aEstado físico: Desprendimiento de pasta.
650 1 4 _aChile (Botánica)
_924879
902 _aGRL
942 _2lcc
_cB
999 _c9576
_d9576